Normal view
MARC view
- Tripathy, Debi Prasad,
Entry Personal Name
001 - CONTROL NUMBER
- control field: 29732
003 - CONTROL NUMBER IDENTIFIER
- control field: NUST
005 - DATE AND TIME OF LATEST TRANSACTION
- control field: 20200902105123.0
008 - FIXED-LENGTH DATA ELEMENTS
- fixed length control field: 200902|| aca||aabn | a|a d
040 ## - CATALOGING SOURCE
- Original cataloging agency: NUST
- Transcribing agency: NUST
100 ## - HEADING--PERSONAL NAME
- Personal name: Tripathy, Debi Prasad,
670 ## - SOURCE DATA FOUND
- Source citation: Work cat.: (NUST)0: Tripathy, Debi Prasad, author., Mine safety science and engineering :
